Nemocnice v Košiciach spoznali svojich šéfov záujem o post riaditeľa bol minimálny

Bibliographic Details
Main Author: Lendel, Michal (Author)
Format: Article
Language:Slovak
PhysicalDescription:Fotografie
ISSN:2585-7355
Subjects:
Online Access:https://kosice.korzar.sme.sk/c/23076207/nemocnice-v-kosiciach-spoznali-svojich-riaditelov-konkurencia-bola-minimalna.html

MARC

LEADER 00000nab a2200000u 4500
001 vtls012154962
003 SK-MaSNL
005 20260303210807.0
008 221125|20221124xo ||||||| || ||slo|
038 |a KEVKJB 
040 |a KEVKJB  |b slo  |e rda 
041 0 |a slo 
043 |a e-xo--- 
044 |a xo  |c SK 
072 7 |a 614  |x Verejné zdravie a hygiena  |2 konspekt 
080 |a 614.2:725.511  |2 2011 
100 1 |a Lendel, Michal  |4 aut  |9 1086422 
245 1 0 |a Nemocnice v Košiciach spoznali svojich šéfov  |b záujem o post riaditeľa bol minimálny  |c Michal Lendel 
300 |b Fotografie 
336 |a text  |b txt  |2 rdacontent 
337 |a bez média  |b n  |2 rdamedia 
338 |a zväzok  |b nc  |2 rdacarrier 
610 2 7 |a Univerzitná nemocnica L. Pasteura Košice  |2 SNKKA  |9 155401 
650 0 7 |a vedúci pracovníci  |2 SNKPH  |9 59720 
650 0 7 |a nemocnice  |2 SNKPH  |9 3008 
651 7 |a Košice (Slovensko)  |2 SNKPHgeo  |9 18694 
773 0 |t Korzár  |g Roč. XXV., č. 2 (24.11.2022), s. 2  |x 2585-7355 
852 |a KEVKJB  |b KIS3GCP 
856 4 1 |u https://kosice.korzar.sme.sk/c/23076207/nemocnice-v-kosiciach-spoznali-svojich-riaditelov-konkurencia-bola-minimalna.html 
958 |a MI 
999 |c 2201769  |d 2203699